000 01085cam a2200313 a 4500
001 17013361
005 20220202142628.0
008 111020s2013 cau 001 0 eng
010 _a 2011941646
020 _a9781133049975 (pbk.)
020 _a1133049974 (pbk.)
040 _aDLC
_cDLC
_dDLC
042 _apcc
100 1 _aDesJardins, Joseph R.
245 1 0 _aEnvironmental ethics
_h[electronic resource] :
_ban introduction to environmental philosophy /
_cJoseph R. DesJardins.
250 _a5th ed.
260 _aAustralia ;
_aBoston, MA :
_bWadsworth Cengage Learning,
_cc2013.
300 _axvi, 282 p. ;
_c24 cm.
336 _atext
337 _acomputer
338 _aonline resource
504 _aIncludes bibliographical references and index.
650 0 _aEnvironmental ethics.
655 _aelectronic books
856 _uhttps://drive.google.com/file/d/1deZJFL4kBQg4sH4w88i4GC5P7hm5ueVq/view?usp=sharing
906 _a7
_bcbc
_corigres
_d2
_encip
_f20
_gy-gencatlg
942 _2lcc
_cEBK
999 _c51298
_d51298